| 000 | 00742cam a22002532i 4500 | ||
|---|---|---|---|
| 001 | CIP114005656 | ||
| 003 | YEEZEN | ||
| 005 | 20250813143336.0 | ||
| 008 | 250430s2025 ch e 000 0 chi d | ||
| 020 |
_a9786264173841 _q(平裝) : _cNT$500 |
||
| 040 |
_aCIP _bchi _cCIP |
||
| 042 | _anbic | ||
| 084 |
_a419.333 _2ncsclt |
||
| 090 | _a419.333 | ||
| 245 | 1 | 0 |
_a這樣愛,給世界更多可能 _c: 北醫大體系國際醫療的熱血行動 / _b林惠君, 陳育晟著 |
| 250 | _a第一版 | ||
| 260 |
_a臺北市 : _b遠見天下文化, _c2025.05 |
||
| 300 |
_a面 ; _c公分 |
||
| 650 | 7 |
_2lcstt _a醫學 |
|
| 650 | 7 |
_2lcstt _a醫療服務 |
|
| 650 | 7 |
_2lcstt _a國際交流 |
|
| 650 | 7 |
_2lcstt _a醫院行政管理 |
|
| 942 |
_2ccl _cBOOK |
||
| 999 |
_c7670 _d7670 |
||